An Introduction to Quantitative and Qualitative Techniques: A Handbook for Research Beginners and Students in Higher Learning Institutions (Record no. 4403)

MARC details
005 - DATE AND TIME OF LATEST TRANSACTION
control field 20250619155108.0
020 ## - INTERNATIONAL STANDARD BOOK NUMBER
International Standard Book Number 9987-617-85-9
082 ## - DEWEY DECIMAL CLASSIFICATION NUMBER
Classification number 001.43 MAN
100 ## - MAIN ENTRY--PERSONAL NAME
Author name MANYILIZU, B.
245 ## - TITLE STATEMENT
Title An Introduction to Quantitative and Qualitative Techniques: A Handbook for Research Beginners and Students in Higher Learning Institutions
260 ## - PUBLICATION, DISTRIBUTION, ETC.
Place of publication, distribution, etc. Mzumbe,
Name of publisher, distributor, etc. Mzumbe University,
Date of publication, distribution, etc. 2008.
300 ## - PHYSICAL DESCRIPTION
Extent xviii, 122p.:
Dimensions 19cm.
942 ## - ADDED ENTRY ELEMENTS (KOHA)
Source of classification or shelving scheme Dewey Decimal Classification
Koha item type Books
Holdings
Date last seen Total checkouts Full call number Barcode Cost, replacement price Price effective from Koha item type Lost status Source of classification or shelving scheme Damaged status Not for loan Withdrawn status Home library Current library Shelving location Date acquired Cost, normal purchase price
06/19/2025   001.43 MAN 00000013174 732000.00 06/19/2025 Books   Dewey Decimal Classification       College of Business Education Main Library College of Business Education Main Library General Collection 04/04/2025 24400.00
06/19/2025   001.43 MAN 00000013175 732000.00 06/19/2025 Books   Dewey Decimal Classification       College of Business Education Main Library College of Business Education Main Library General Collection 04/04/2025 24400.00